| 000 | 01118pam a2200289 a 4500 | ||
|---|---|---|---|
| 001 | 2488080 | ||
| 003 | OSt | ||
| 005 | 20240423091918.0 | ||
| 008 | 910815s1992 maua b 001 0 eng | ||
| 010 | _a 91032811 | ||
| 020 | _a012056761X (acidfree paper) | ||
| 040 |
_aDLC _cDLC _dDLC |
||
| 082 | 0 | 0 |
_a515.35 AME 1992 _220 |
| 100 | 1 |
_aAmes, William F. _913407 |
|
| 245 | 1 | 0 | _aNumerical methods for Partial Differential Equations |
| 250 | _a3rd ed. | ||
| 260 |
_aBoston; _bAcademic Press, _c1992. |
||
| 300 |
_aix, 451 p. : _bill. ; _c24 cm. |
||
| 440 | 0 |
_aComputer science and scientific computing _913408 |
|
| 504 | _aIncludes bibliographical references and indexes. | ||
| 650 | 0 |
_aDifferential equation _96225 |
|
| 856 | 4 | 2 |
_3Publisher description _uhttp://www.loc.gov/catdir/description/els032/91032811.html |
| 856 | 4 | 1 |
_3Table of contents _uhttp://www.loc.gov/catdir/toc/els032/91032811.html |
| 906 |
_a7 _bcbc _corignew _d1 _eocip _f19 _gy-gencatlg |
||
| 942 |
_2ddc _cO_SHELF |
||
| 999 |
_c6526 _d6526 |
||